000 00713nam a2200205 a 4500
001 000030184
005 20200930060119.0
008 110503s2010 dr 000 0 spa d
020 _a9789945423136
040 _aDO-SdBNP
_bspa
_cBNPHU
082 _axxxx
_bA282n
100 1 _aAguiar, Cristina
_956895
245 1 3 _aEl nuevo código procesal penal :
_blos desafíos de la transculturación jurídica /
_cCristina Aguiar.
260 _aSanto Domingo :
_bUniversidad Apec,
_c2010.
300 _a71 p. :
_b22 cm.+
_ecd-rom
490 1 _aUnapec por un mundo mejor
_v1
504 _aIncluye referencias bibliográficas y notas al pie de las páginas
830 0 _aUnapec por un mundo mejor
_n1
_956896
049 _aBNPD
999 _c29676
_d29676